| Поле | Инд. | ПП | Название | Значение |
|---|---|---|---|---|
| Тип записи | a | |||
| Библиографический уровень | b | |||
| 001 | Контрольный номер | RU/IS/BASE/148579349 | ||
| 005 | Дата корректировки | 20200601191437.9 | ||
| 084 | a | Индекс другой классификации/Индекс ББК | 66.4(2Рос),03 | |
| 097 | 00 | a | 730 | |
| 100 | 10 | a | Автор | Смирнов А. Н. |
| 245 | 00 | a | Заглавие | Российская геостратегия в Закавказье: предварительные итоги десятилетия |
| 504 | 00 | a | Библиография | Библиогр. ссылки |
| 650 | a | Основная рубрика | внешняя политика | |
| a | Основная рубрика | политика | ||
| 653 | 00 | a | Ключевые слова | геополитика |
| a | Ключевые слова | геополитические интересы | ||
| a | Ключевые слова | Закавказье | ||
| a | Ключевые слова | Кавказ | ||
| a | Ключевые слова | международные отношения | ||
| a | Ключевые слова | Россия | ||
| 773 | 00 | t | Заглавие источника | Вестник Московского университета. Серия 18, Социология и политология |
| d | Дата издания источника | 2001 | ||
| g | Прочая информация | № 1. - С. 29 - 43 | ||
| w | Контрольный № источника | RU/IS/BASE/148578682 | ||
| 901 | t | Тип документа | b |